LEADER 00976cam2 22002891 450 001 SOBE00085871 005 20260226110040.0 010 $a88-09-76158-8 100 $a20260226d1991 |||||ita|0103 ba 101 $aita 102 $aIT 200 1 $aBurri$fGiuliano Serafini 210 $aFirenze$cGiunti$d1991 215 $a50 p.$cill.$d29 cm 300 $aInserto redazionale allegato a: Art e dossier, n. 62 (nov. 1991) 461 1$1001SOBE00020799$12001 $aArt e dossier$vn. 62 (nov. 1991) 500 10$aBurri$3SOBA00037358$91017927 700 1$aSerafini$b, Giuliano$3SOBA00037357$4070$0573767 801 0$aIT$bUNISOB$c20260226$gRICA 850 $aUNISOB 852 $aUNISOB$jFondo|Calì$m185164 912 $aSOBE00085871 940 $aM 102 Monografia moderna SBN 941 $aM 957 $aFondo|Calì$b002639$gSI$d185164$n20250718$hCali$rDono$tN$1rovito$2UNISOB$3UNISOB$420260226105739.0$520260226105833.0$6rovito 996 $aBurri$91017927 997 $aUNISOB